000 01538nam0a22003251 4500
001 v19\rc\1802154
005 20071130154646.2
035 _a(NLR Aleph) 004903032
090 _a5395587
_c5395587
100 _a20071130d1907 |||y0rusy50 ca
101 0 _arus
102 _aRU
105 _aa z |||||
200 1 _aК вопросу о хирургическом лечении при туберкулезе придатка и яичника
_eДис. на степ. д-ра мед. К.И. Замуравкина
_fИз Лаб. при Госпит. хирург. клинике проф. С.П. Федорова
210 _aСанкт-Петербург
_cтип. М. Стасюлевича
_d1907
215 _a126, [2], XVII с., 2 л. ил.
_d23
225 1 _aСерия докторских диссертаций, допущенных к защите в Императорской Военно-медицинской академии в 1906-1907 учебном году
_v№ 73
320 _aБиблиогр.: с. 116-122
700 1 _aЗамуравкин
_bК. И.
_gКонстантин Иванович
702 1 _aФедоров
_bС. П.
_cд-р мед. наук
_f1869-1936
_gСергей Петрович
_3RU\NLR\AUTH\7790984
_4570
801 0 _aRU
_bNLR
_gpsbo
801 0 _aRU
_bRuMoRGB
_2psbo
801 1 _aRU
_bProSoft-M
_2rusmarc
852 _aNLR
_j17.126.1.6(№ 73)
899 _aRuMoRGB
_jS 12/432
899 _aRuMoRGB
_jU 6/959
899 _aRuMoRGB
_jS 20/872
899 _aБАН
942 _cBOOK
980 _aNB